| 000 | 01514 a2200277 4500 | ||
|---|---|---|---|
| 003 | OSt | ||
| 005 | 20180116192354.0 | ||
| 008 | 120601t xxu||||| |||| 00| 0 eng d | ||
| 010 | _a 2009029818 | ||
| 020 | _a9780873658591 (cloth : alk. paper) | ||
| 040 | _c0 | ||
| 082 | 0 | 0 | _a297.40954 |
| 100 | 1 |
_a Samina Quraeshi, _93475 |
|
| 245 | 1 | 0 |
_aSacred spaces : _ba journey with the Sufis of the Indus / _cSamina Quraeshi ; with contributions by Ali S. Asani, Carl W. Ernst, Kamil Khan Mumtaz. |
| 260 |
_aCambridge, Mass. : _bPeabody Museum Press ; _aAhmedabad : _bMapin Pub., _c2010. |
||
| 300 |
_axii, 278 p. : _bcol. ill., col. maps; _c31 cm. |
||
| 500 | _aPublished in conjunction with the exhibition "Sacred Spaces: Reflections on a Sufi Path," held from 22 October 2009 to 30 April 2010 at the Peabody Museum of Archaeology and Ethnology, Harvard University, Cambridge, Massachusetts. | ||
| 505 | 0 | _aPreface -- Images of South Asian Sufism / Ali S. Asani -- Islam and Sufism in contemporary South Asia / Carl W. Ernst -- The architecture of Sufi shrines / Kamil Khan Mumtaz -- Storytelling as imaginative history / Samina Quraeshi -- Afterword -- Selected bibliography -- Contributors. | |
| 650 | 1 | 0 |
_aSufism _zSouth Asia. _93476 |
| 650 | 1 | 0 |
_aSufis _zSouth Asia. _93477 |
| 700 | 1 |
_aAsani, Ali S. _d1954- _93478 |
|
| 700 | 1 |
_aErnst, Carl W., _d1950- _93479 |
|
| 700 | 1 |
_aMumtaz, Kamil Khan. _93480 |
|
| 942 |
_aSADA _cBK _k297.40954 SAM 2010 _2ddc |
||
| 999 |
_c353033 _d353033 |
||